000 00666cab a2200217 4500
001 ABS38147
008 090401t1987 xxu||||| |||| 00| 0 eng d
035 _a(Sirsi) u8916
041 _aeng
100 _aSwenarton, M.
245 2 _aA sporting challenge
260 _c1987
350 _a0
490 _aArchitects` Journal
_v186(37) 16 September 1987, 46-52(7)
520 _aA feature on the new sports hall for Merchant Taylors` school . Includes photographs, diagrams and a summary of element costs .
650 _aBUILT ENVIRONMENT-BUILDING COSTS
650 _aGYMS
690 _aBUILDING AND CONSTRUCTION-PROJECTS
942 _n0
948 _c04/03/1997
999 _c5522
_d5522